| 000 | 00633cam a2200205 a 4500 | ||
|---|---|---|---|
| 001 | 000015805 | ||
| 005 | 20260428112120.0 | ||
| 008 | 760430s1976 nju 001 0deng | ||
| 020 | _a0135023106 | ||
| 040 |
_aDO-SdBNP _beng _cLC _dBNPHU |
||
| 082 |
_a070.43 _bD996i |
||
| 100 | 1 |
_aDygert, James H., _d1934- _935563 |
|
| 245 | 1 | 4 |
_aThe investigative journalist : _bfolk heroes of a new era / _cJames H. Dygert. |
| 260 |
_aEnglewood Cliffs, New Jersey : _bPrentice-Hall, _c1976. |
||
| 300 |
_aix, 282 p. ; _c24 cm. |
||
| 650 | 0 |
_aReportajes _955 |
|
| 650 | 4 |
_aPeriodismo _929 |
|
| 910 | _aCatalogación por copia / LC | ||
| 049 | _aBNGR | ||
| 999 |
_c15351 _d15351 |
||